• 首页
  • 本馆介绍
  • 公告通知
  • 最新文献
  • 馆藏检索
  • 电子资源
  • 读者导购
  • 参考咨询
  • 我的图书馆
  • 登录
  • 详细信息显示
  • 放入我的书架
  • 预约/预借图书
  • 作者相关作品
  • 分类相关作品
  • 丛书相关作品
  • 出版社相关作品

书目信息

  • 表格格式
  • 工作单格式
  • 卡片格式
题名:
行政执法与行政审判
    
 
作者: 江必新 , 贺荣 主编 ;最高人民法院 编
分册: 2012年第6集(总第56集)  
出版信息: 北京   中国法制出版社  2013
页数: 201页
开本: 23cm
丛书名:
单 册:
中图分类: D922.11-55 , D925.318-55
科图分类:
主题词: 行政执法--中国--丛刊 , 行政诉讼--审判--中国--丛刊 , 行政执法 , 行政诉讼 , 审判
电子资源:
ISBN: 978-7-5093-3419-5
000 01311nam0 22003251 450
001 524
005 20140908081012.98
010    @a978-7-5093-3419-5@dCNY40.00
100    @a20131011d2013 em y0chiy50 ea
101 0  @achi
102    @aCN@b110000
105    @ay z 000yy
106    @ar
200 1  @a行政执法与行政审判@AHang Zheng Zhi Fa Yu Hang Zheng Shen Pan@h2012年第6集(总第56集)@H2012 Nian Di 6 Ji( Zong Di 56 Ji)@f江必新,贺荣主编@FJiang Bi Xin, He Rong Zhu Bian@g中华人民共和国最高人民法院行政审判庭编
210    @a北京@c中国法制出版社@d2013
215    @a201页@d23cm
312    @a封面英文共同题名:Administrative action and administrative litigation
330    @a本书设有“本刊特稿”、“司法文件解读”、“行政诉讼理论”、“行政审判实务”等栏目,具体包括:论行政程序正当性之司法审查、论行政判决对民法规范的类推适用、瑞典行政法院制度等。
606 0  @a行政执法@y中国@j丛刊
606 0  @a行政诉讼@x审判@y中国@j丛刊
606 0  @a行政执法
606 0  @a行政诉讼
606 0  @a审判
690    @aD922.11-55@v5
690    @aD925.318-55@v5
701  0 @a江必新@AJiang Bi Xin@f(1956~)@4主编
701  0 @a贺荣@AHe Rong@g(女,@f1962~)@4主编
712 02 @a最高人民法院@AZui Gao Ren Min Fa Yuan@b行政审判庭@4编
801  0 @aCN@bTANGWEI@c20140603
905    @b0837462-64@dD922.11-55@e1074@f3
    
    行政执法与行政审判.2012年第6集(总第56集)/江必新,贺荣主编/中华人民共和国最高人民法院行政审判庭编.-北京:中国法制出版社,2013
    201页;23cm
    
    
    ISBN 978-7-5093-3419-5:CNY40.00
    本书设有“本刊特稿”、“司法文件解读”、“行政诉讼理论”、“行政审判实务”等栏目,具体包括:论行政程序正当性之司法审查、论行政判决对民法规范的类推适用、瑞典行政法院制度等。
●
相关链接 在E读中查询图书 在五车中查询图书 在当当中查询图书 在豆瓣中查询图书


正题名:行政执法与行政审判     索取号:D922.11-55/1074         预约/预借

序号 登录号 条形码 馆藏地/架位号 状态 备注
1 0837462   208374622   第一样本阅览室/ [索取号:D922.11-55/1074] 在馆    
2 0837463   208374631   第一借阅区/ [索取号:D922.11-55/1074] 在馆    
3 0837464   208374640   密集书库-史法系/ [索取号:D922.11-55/1074] 在馆    
唐山师范学院图书馆 欢迎您!
大连网信软件有限公司© 版权所有